[Event "Campeonato Brasileiro Amador 2015"]
[Site "Esporte Clube Pinheiros, São "]
[Date "2015.05.03"]
[Round "7.67"]
[White "Silvestre Da Silva, Sidnei"]
[Black "Federzoni, Enzo"]
[Result "0-1"]
[WhiteElo "1542"]
[BlackElo "1677"]
[PlyCount "102"]
[EventDate "2015.04.30"]

1. d4 Nf6 2. Bf4 g6 3. e3 Bg7 4. c3 O-O 5. Nf3 d6 6. Bc4 Nfd7 7. O-O e5 8. dxe5
dxe5 9. Bg5 Qe8 10. Nbd2 Nc6 11. a3 Kh8 12. Re1 f5 13. Qc2 Nf6 14. h3 Be6 15.
Bxe6 Qxe6 16. Rad1 Rad8 17. Bh4 Rd7 18. Nb3 b6 19. Rxd7 Qxd7 20. Rd1 Qe7 21.
Bg3 Ne4 22. Bh2 Rd8 23. Rxd8+ Qxd8 24. Nbd2 Nc5 25. Ne1 e4 26. Nb3 Nd3 27. Nxd3
exd3 28. Qd2 Na5 29. Nxa5 bxa5 30. a4 c5 31. Kf1 c4 32. f3 Qb6 33. Bg1 Qb3 34.
e4 fxe4 35. fxe4 Qxa4 36. Bxa7 Qe8 37. Qf4 h6 38. Ke1 Qd7 39. Be3 Kh7 40. e5
Qc6 41. Kf2 Qb5 42. e6 Qxb2+ 43. Bd2 Qb6+ 44. Qe3 Qxe3+ 45. Kxe3 Bf6 46. Ke4 a4
47. Bc1 a3 48. Ke3 a2 49. Bb2 Kg7 50. Kd2 Kf8 51. g3 Ke7 0-1

[Event "Campeonato Brasileiro Amador 2015"]
[Site "Esporte Clube Pinheiros, São P"]
[Date "2015.05.03"]
[Round "7.68"]
[White "Santos, Marcos Correia"]
[Black "Lopes Pereira, Eder"]
[Result "0-1"]
[WhiteElo "1531"]
[BlackElo "1649"]
[PlyCount "72"]
[EventDate "2015.04.30"]

1. e4 c5 2. Nc3 a6 3. f4 d6 4. Nf3 Nf6 5. g3 e6 6. Bg2 Be7 7. O-O O-O 8. d3 Nc6
9. h3 Qc7 10. g4 b5 11. g5 Ne8 12. Ne2 d5 13. Bd2 dxe4 14. dxe4 Bb7 15. Qe1 Nd6
16. Nh2 Nc4 17. Rb1 Rad8 18. Bc3 b4 19. Bxg7 Kxg7 20. Qh4 Nd2 21. Qh6+ Kh8 22.
Rbd1 Nxf1 23. Rxd8 Qxd8 24. Kxf1 Nd4 25. Ng3 Rg8 26. Ng4 Bxg5 27. Qh5 Bxf4 28.
Nh6 Bxh6 29. Qe5+ Bg7 30. Qxc5 Qf6+ 31. Kg1 Nf3+ 32. Kh1 Qd4 33. Qxd4 Nxd4 34.
Nf1 Nxc2 35. Nd2 Bd4 36. Nf3 Rxg2 0-1

[Event "Campeonato Brasileiro Amador 2015"]
[Site "Esporte Clube Pinheiros, São P"]
[Date "2015.05.03"]
[Round "7.73"]
[White "Silva, Rodrigo Ferreira"]
[Black "Nunes, Marcela Andreia Dias"]
[Result "1/2-1/2"]
[WhiteElo "1801"]
[BlackElo "1497"]
[PlyCount "27"]
[EventDate "2015.04.30"]

1. d4 Nf6 2. c4 g6 3. Nc3 Bg7 4. e4 d6 5. Be3 O-O 6. Qd2 Nbd7 7. a4 Ng4 8. a5
Nxe3 9. fxe3 g5 10. a6 Bh8 11. Bd3 c5 12. O-O-O cxd4 13. exd4 Bxd4 14. Qxg5+
1/2-1/2

[Event "Campeonato Brasileiro Amador 2015"]
[Site "Esporte Clube Pinheiros, São "]
[Date "2015.05.03"]
[Round "7.74"]
[White "Nobre, Jailson Altair Barb"]
[Black "Zmetek, Marcos Simao"]
[Result "1-0"]
[WhiteElo "1758"]
[BlackElo "1482"]
[PlyCount "99"]
[EventDate "2015.04.30"]

1. c4 e5 2. Nc3 Nf6 3. g3 d5 4. cxd5 Nxd5 5. Bg2 c6 6. d3 Bb4 7. Bd2 Bxc3 8.
Bxc3 Nxc3 9. bxc3 O-O 10. Nf3 Re8 11. Qb3 Qc7 12. O-O Bg4 13. Rab1 b6 14. Rfe1
Bxf3 15. Bxf3 Nd7 16. Qa4 Re6 17. Qc4 Rae8 18. a4 c5 19. Rb2 Kf8 20. Reb1 Qd6
21. Qa6 Qb8 22. Bg4 Rd6 23. Bxd7 Rxd7 24. a5 Re6 25. axb6 Rxb6 26. Rxb6 axb6
27. Qxb6 Qxb6 28. Rxb6 Rc7 29. c4 Ke7 30. Kg2 Kd7 31. f4 exf4 32. gxf4 Rc6 33.
Rb7+ Rc7 34. Rxc7+ Kxc7 35. Kf3 Kd6 36. Ke4 g6 37. f5 g5 38. e3 h5 39. d4 f6
40. Kf3 h4 41. Kg4 Kc6 42. d5+ Kd6 43. Kf3 Ke5 44. Kg4 Kd6 45. Kh5 Ke5 46. e4
Kd6 47. h3 Kd7 48. e5 Ke7 49. exf6+ Kxf6 50. Kg4 1-0

[Event "Campeonato Brasileiro Amador 2015"]
[Site "Esporte Clube Pinheiros, São P"]
[Date "2015.05.03"]
[Round "7.75"]
[White "Ferreira, Renato Luis Bueloni"]
[Black "Arduini, Leonardo Adolfo"]
[Result "0-1"]
[WhiteElo "1371"]
[BlackElo "1716"]
[PlyCount "98"]
[EventDate "2015.04.30"]

1. e4 e5 2. Nf3 Nc6 3. Bb5 d6 4. O-O Bd7 5. c3 Nf6 6. Re1 a6 7. Ba4 Be7 8. d4
exd4 9. cxd4 b5 10. Bc2 Bg4 11. Nc3 Bxf3 12. Qxf3 Nxd4 13. Qd3 c5 14. Nd5 Nxd5
15. exd5 Nxc2 16. Qxc2 O-O 17. Bd2 Re8 18. Re3 b4 19. b3 Qd7 20. Rae1 Bf6 21.
h3 a5 22. Rxe8+ Rxe8 23. Rxe8+ Qxe8 24. Kf1 Qe5 25. g3 Qxd5 26. Bf4 Be5 27. Qe2
h6 28. Qa6 Bxf4 29. gxf4 h5 30. Qxa5 Qh1+ 31. Ke2 Qxh3 32. Qd8+ Kh7 33. Qxd6
Qf5 34. Qe5 Qxe5+ 35. fxe5 Kg6 36. f4 Kf5 37. Kf3 h4 38. e6 fxe6 39. Kg2 Kxf4
40. Kh3 g5 41. Kg2 e5 42. Kf2 e4 43. Ke2 e3 44. a4 bxa3 45. b4 cxb4 46. Kf1 Kf3
47. Kg1 e2 48. Kh2 e1=Q 49. Kh3 Qh1# 0-1

[Event "Campeonato Brasileiro Amador 2015"]
[Site "Esporte Clube Pinheiros, São "]
[Date "2015.05.03"]
[Round "7.76"]
[White "Alves, Sidney David"]
[Black "Pimenta, Breno Andrade"]
[Result "0-1"]
[WhiteElo "1495"]
[BlackElo "1686"]
[PlyCount "84"]
[EventDate "2015.04.30"]

1. d4 d6 2. c4 Nf6 3. Nf3 g6 4. Nc3 Bg7 5. e4 O-O 6. h3 c5 7. d5 e6 8. Be3 exd5
9. cxd5 Re8 10. Nd2 a6 11. a4 Nbd7 12. Bd3 b6 13. O-O Bb7 14. Nc4 Ne5 15. Na3
Nxd3 16. Qxd3 Nd7 17. Bf4 Ne5 18. Qd1 Qc7 19. Re1 Re7 20. Bg3 c4 21. Re2 Nd3
22. Qd2 Rd8 23. Kh2 Qc5 24. Bh4 f6 25. Bg3 Rde8 26. Rb1 f5 27. f3 Bxc3 28. Qxc3
Bxd5 29. b4 Qc7 30. b5 a5 31. Bh4 Re6 32. Bf6 fxe4 33. f4 Qf7 34. Bg5 Qg7 35.
Qd2 e3 36. Qd1 h6 37. Bh4 Nxf4 38. Rc2 e2 39. Qd2 Qe5 40. Bg3 Qe4 41. Rg1 g5
42. Nxc4 Bxc4 0-1

[Event "Campeonato Brasileiro Amador 2015"]
[Site "Esporte Clube Pinheiros, São P"]
[Date "2015.05.03"]
[Round "7.77"]
[White "Leite, Tarcisio Dantas Frot"]
[Black "Sato, Claudio Takeshi"]
[Result "1-0"]
[WhiteElo "1686"]
[BlackElo "1473"]
[PlyCount "103"]
[EventDate "2015.04.30"]

1. e4 e6 2. d4 d5 3. e5 c5 4. c3 Nc6 5. Nf3 Qb6 6. Be2 cxd4 7. cxd4 Bb4+ 8. Nc3
Nge7 9. O-O Ng6 10. Bg5 Bd7 11. Rc1 O-O 12. a3 Bxc3 13. Rxc3 Rac8 14. Rb3 Qc7
15. Rc3 Qb8 16. Qd2 Na5 17. b3 Rxc3 18. Qxc3 b6 19. Rc1 Rc8 20. Qb2 Rxc1+ 21.
Bxc1 Qc7 22. Bd2 Nc6 23. Bd3 Nce7 24. g4 b5 25. Qc2 Qxc2 26. Bxc2 f6 27. h4
fxe5 28. dxe5 Bc6 29. h5 Nf8 30. Bb4 Nc8 31. Nd4 Bd7 32. f4 g6 33. Bxf8 Kxf8
34. hxg6 h6 35. f5 exf5 36. gxf5 Ne7 37. e6 Be8 38. f6 Nxg6 39. f7 Bxf7 40.
exf7 Kxf7 41. Nxb5 a6 42. Nc7 Nf4 43. Nxa6 Ne2+ 44. Kh2 Nd4 45. Bd1 Nb5 46. a4
Nc3 47. Bf3 Ke6 48. Nc7+ Ke5 49. Nxd5 Nxd5 50. Bxd5 Kxd5 51. Kh3 Kc5 52. Kh4
1-0

[Event "Campeonato Brasileiro Amador 2015"]
[Site "Esporte Clube Pinheiros, São P"]
[Date "2015.05.03"]
[Round "7.78"]
[White "Gomes Silverio, Taua"]
[Black "Primo E Silva, Beatriz"]
[Result "1-0"]
[WhiteElo "1677"]
[BlackElo "1467"]
[PlyCount "87"]
[EventDate "2015.04.30"]

1. e4 c5 2. Nf3 Nc6 3. d4 cxd4 4. Nxd4 g6 5. Nxc6 bxc6 6. Nc3 Bg7 7. Bd2 Rb8 8.
Rb1 Nf6 9. Bc4 O-O 10. Bb3 Qc7 11. O-O d6 12. Re1 Ba6 13. Qf3 d5 14. exd5 cxd5
15. Bf4 Qc5 16. Bxb8 Rxb8 17. Nxd5 e6 18. Nxf6+ Bxf6 19. Qxf6 Qf5 20. Qxf5 exf5
21. Re7 Rb7 22. Rxb7 Bxb7 23. Rd1 Kf8 24. Rd7 Ba6 25. Rxa7 Bc8 26. Rxf7+ Ke8
27. Rxh7 Bd7 28. Rxd7 Kxd7 29. a4 Kc6 30. Bc4 Kb6 31. b4 g5 32. a5+ Kc7 33. f4
g4 34. h3 gxh3 35. gxh3 Kb7 36. a6+ Ka7 37. h4 Ka8 38. h5 Kb8 39. h6 Ka8 40. h7
Ka7 41. h8=Q Kb6 42. Qe5 Ka7 43. Qc7+ Ka8 44. Qb7# 1-0

[Event "Campeonato Brasileiro Amador 2015"]
[Site "Esporte Clube Pinheiros, São "]
[Date "2015.05.03"]
[Round "7.79"]
[White "Auriemo, Danielle Ferreira"]
[Black "Camargo, Luca Oshiro"]
[Result "1-0"]
[WhiteElo "1643"]
[BlackElo "1467"]
[PlyCount "131"]
[EventDate "2015.04.30"]

1. e4 c5 2. Nf3 a6 3. c3 d5 4. exd5 Nf6 5. h3 Nxd5 6. d4 cxd4 7. Nxd4 Nf6 8.
Be2 g6 9. Be3 Bg7 10. O-O O-O 11. Na3 Qc7 12. Qc1 Nc6 13. Nxc6 Qxc6 14. Bf3 Qc7
15. Nc2 Bd7 16. Nd4 e5 17. Nb3 e4 18. Bf4 Qb6 19. Be2 Be6 20. Rd1 Rfd8 21. Nd4
Rac8 22. Be3 Nd5 23. Nxe6 Qxe6 24. Bd4 Nf6 25. Bxf6 Bxf6 26. Bg4 Qe5 27. Bxc8
Rxc8 28. Qe3 Re8 29. Rd7 Qb5 30. Qd2 Bg5 31. Qd5 Qxd5 32. Rxd5 f5 33. Rad1 Re6
34. Kf1 h6 35. Re1 b5 36. Red1 f4 37. Rd6 Kf7 38. Rxe6 Kxe6 39. Ke2 Bf6 40. f3
e3 41. Rd3 a5 42. b3 Be7 43. Rd4 g5 44. c4 b4 45. Rd5 h5 46. Rxa5 Kd6 47. Rd5+
Ke6 48. Rb5 Kd6 49. c5+ Kd5 50. Rxb4 Kxc5 51. Rc4+ Kb5 52. Re4 Bd8 53. a3 Bf6
54. Re6 Bd8 55. Rd6 Be7 56. Rd5+ Kc6 57. Ra5 Kb6 58. b4 Bd8 59. Re5 Kc6 60. a4
Kb6 61. a5+ Ka6 62. Re6+ Kb7 63. a6+ Ka7 64. b5 Kb8 65. b6 Ka8 66. Re8 1-0

[Event "Campeonato Brasileiro Amador 2015"]
[Site "Esporte Clube Pinheiros, São P"]
[Date "2015.05.03"]
[Round "7.80"]
[White "Yoshioka, Hugo"]
[Black "Sato, Leticia Miho"]
[Result "1-0"]
[WhiteElo "1578"]
[BlackElo "1403"]
[PlyCount "89"]
[EventDate "2015.04.30"]

1. d4 d5 2. c4 e6 3. Nc3 Nf6 4. cxd5 exd5 5. Bg5 Be7 6. e3 h6 7. Bh4 b6 8. Bd3
Bb7 9. Nf3 Nbd7 10. O-O O-O 11. Qc2 c5 12. Ne5 Nxe5 13. dxe5 Nd7 14. Bg3 Bh4
15. Bxh4 Qxh4 16. f4 Qg4 17. Be2 Qg6 18. Qxg6 fxg6 19. Bf3 Rad8 20. Nxd5 Kh7
21. e6 Bxd5 22. Bxd5 Nf6 23. e7 Nxd5 24. exd8=Q Rxd8 25. Rfd1 Rd7 26. e4 Nf6
27. Rxd7 Nxd7 28. Rd1 Nb8 29. e5 Nc6 30. e6 Kg8 31. Rd7 Kf8 32. Kf2 Ke8 33.
Rxg7 Nd4 34. Rxg6 Ke7 35. Rxh6 Nxe6 36. Rxe6+ Kxe6 37. Ke3 Kf5 38. g4+ Kxg4 39.
Ke4 b5 40. f5 c4 41. f6 Kg5 42. f7 b4 43. f8=Q c3 44. bxc3 bxc3 45. Qc5+ 1-0

[Event "Campeonato Brasileiro Amador 2015"]
[Site "Esporte Clube Pinheiros, SÃ£o P"]
[Date "2015.05.03"]
[Round "7.81"]
[White "Ferreira, Rafael Cassoni Buelo"]
[Black "Sato, Luiz Henrique Yuzo T"]
[Result "0-1"]
[WhiteElo "1569"]
[BlackElo "1240"]
[PlyCount "58"]
[EventDate "2015.04.30"]

1. e4 e5 2. Nf3 Nf6 3. Nc3 Nc6 4. Bc4 Bc5 5. O-O d6 6. d3 Bg4 7. h3 Bh5 8. Bg5
h6 9. Bh4 O-O 10. Nd5 g5 11. Bg3 Nd4 12. c3 Nxf3+ 13. gxf3 Nxd5 14. exd5 Qf6
15. Kg2 Rfe8 16. a4 e4 17. dxe4 Rxe4 18. Be2 Re7 19. b4 Qxc3 20. bxc5 Qxc5 21.
Re1 Rae8 22. Qd2 f5 23. h4 f4 24. Bh2 Re5 25. Qa2 Qxd5 26. Bc4 Bxf3+ 27. Kf1
Bg2+ 28. Kg1 Rxe1+ 29. Rxe1 Rxe1+ 0-1

[Event "Campeonato Brasileiro Amador 2015"]
[Site "Esporte Clube Pinheiros, SÃ£o P"]
[Date "2015.05.03"]
[Round "7.82"]
[White "Felix, Luiza De Oliveira"]
[Black "Fantinati, Nilton M. Nasciment"]
[Result "0-1"]
[WhiteElo "1464"]
[BlackElo "1561"]
[PlyCount "58"]
[EventDate "2015.04.30"]

1. e4 c5 2. Nf3 d6 3. d4 cxd4 4. Nxd4 Nf6 5. Nc3 a6 6. f3 e5 7. Nb3 Nc6 8. Be3
b5 9. Be2 Be7 10. O-O O-O 11. a4 b4 12. Nd5 Nxd5 13. exd5 Na5 14. Nxa5 Qxa5 15.
b3 Bb7 16. Bc4 Rac8 17. Qd2 Bd8 18. Rad1 Bb6 19. Rfe1 Bxe3+ 20. Rxe3 Qb6 21.
Kh1 a5 22. Re4 Rc7 23. Rg4 Rfc8 24. Qh6 f5 25. Qe6+ Rf7 26. Rg5 g6 27. Bd3 Kf8
28. Re1 Re8 29. Rxf5 Rxe6 0-1

[Event "Campeonato Brasileiro Amador 2015"]
[Site "Esporte Clube Pinheiros, São "]
[Date "2015.05.03"]
[Round "7.86"]
[White "Dutra, Liliam Guedes"]
[Black "Ferreira, Ana Luiza Cassoni B"]
[Result "1-0"]
[WhiteElo "1623"]
[BlackElo "1218"]
[PlyCount "136"]
[EventDate "2015.04.30"]

1. d4 Nf6 2. c4 e5 3. d5 d6 4. Nc3 g6 5. e4 Bg7 6. Bg5 Nbd7 7. f3 O-O 8. Nge2
b6 9. Qc2 Bb7 10. Ng3 h6 11. Be3 Qe7 12. Be2 a6 13. O-O Rac8 14. Qd2 Kh7 15. a4
a5 16. Bd3 Nc5 17. Bc2 Ba6 18. b3 Qd7 19. Rfd1 Rfd8 20. Nb5 c6 21. dxc6 Rxc6
22. Qe1 Bxb5 23. axb5 Rc7 24. Rab1 Qe6 25. Ne2 h5 26. Nc3 Kg8 27. Bg5 Rdd7 28.
Bxf6 Bxf6 29. Nd5 Rb7 30. b4 axb4 31. Qxb4 Bg7 32. Ra1 Rb8 33. Qd2 Kh7 34. Ra3
Bh6 35. Qe2 Bg7 36. Bd3 Bf8 37. Rda1 Nxd3 38. Qxd3 Be7 39. Ra8 Rxa8 40. Rxa8
Rb7 41. Ra6 Bd8 42. Qa3 Qd7 43. Qe3 Qc8 44. Qe2 Qc5+ 45. Kh1 Qd4 46. h3 Qc5 47.
Ra4 Be7 48. Qe3 Qxe3 49. Nxe3 Bg5 50. Nd5 Kg7 51. Ra6 Bd8 52. f4 exf4 53. Nxf4
Kf6 54. Nd5+ Ke5 55. Ra8 Bg5 56. Rc8 Kxe4 57. Rc6 Kd4 58. Kg1 Be7 59. Nxb6 Ke5
60. Nd5 Ke6 61. Kf2 Kd7 62. Ke3 Ra7 63. Kd4 Rb7 64. Kc3 Ke6 65. Kb4 Ra7 66.
Nxe7 Kxe7 67. b6 Kd7 68. Kb5 Rb7 {ilegivel} 1-0

[Event "Campeonato Brasileiro Amador 2015"]
[Site "Esporte Clube Pinheiros, SÃ£o P"]
[Date "2015.05.03"]
[Round "7.91"]
[White "Resende, Lucas B. Massucato"]
[Black "Brujin, Homero"]
[Result "0-1"]
[WhiteElo "1675"]
[BlackElo "1486"]
[PlyCount "86"]
[EventDate "2015.04.30"]

1. e4 d6 2. Nf3 Nf6 3. d3 g6 4. Be2 Bg7 5. Bg5 O-O 6. O-O c5 7. Nc3 a6 8. a4
Nc6 9. Qd2 Be6 10. Bh6 Bg4 11. Bxg7 Kxg7 12. h3 Bxf3 13. Bxf3 Ne5 14. Be2 Qa5
15. Rfd1 Nc6 16. Nb1 Qxd2 17. Rxd2 Nd4 18. Na3 b5 19. Bd1 Rfb8 20. c3 Nc6 21.
Kf1 c4 22. dxc4 Nxe4 23. Re2 f5 24. cxb5 axb5 25. axb5 Ne5 26. Bc2 Nc4 27. Bxe4
fxe4 28. Rxe4 Nd2+ 29. Ke2 Nxe4 30. f3 Nc5 31. Re1 d5 32. Kf1 Re8 33. Re5 e6
34. c4 Nd3 35. Re3 Nxb2 36. c5 Nc4 37. Nxc4 dxc4 38. Rc3 Ra4 39. c6 Rc8 40. Re3
Kf6 41. Rc3 Rb4 42. Ke2 Rxb5 43. Rxc4 Rc7 0-1